[Event "USA-ch Gr-B"]
[Site "Denver"]
[Date "1998.11.02"]
[Round "3"]
[White "Browne, Walter Shawn"]
[Black "Kaidanov, Gregory S"]
[Result "1-0"]
[WhiteElo "2515"]
[BlackElo "2625"]
[Annotator "Huzman,A"]
[PlyCount "79"]
[EventDate "1998.10.31"]
[EventType "tourn"]
[EventRounds "7"]
[EventCountry "USA"]
[EventCategory "13"]
[SourceTitle "CBM 068"]
[Source "ChessBase"]
[SourceDate "1999.02.01"]
[SourceVersion "1"]
[SourceVersionDate "1999.02.01"]
[SourceQuality "1"]

1. d4 d5 2. c4 dxc4 3. e4 e5 4. Nf3 exd4 5. Bxc4 Nc6 6. O-O Be6 7. Bb5 Bc5 8.
Nbd2 Nge7 9. Ng5 (9. Nb3 Bb6 10. Nbxd4 Bd7 11. Nxc6 Bxc6 12. Qe2 O-O 13. Bg5
Qe8 14. Bxc6 Nxc6 15. Rad1 Qe6 $15 {Kuzmin,A-Rublevsky,S/Moscow PCA qual 1996/
0-1 (54)}) 9... Qd7 10. Nxe6 Qxe6 11. Nb3 Qd6 12. Bf4 (12. Qg4 O-O 13. Bf4 Ne5
14. Bxe5 Qxe5 15. f4 d3+ 16. Kh1 {1/2-1/2 Dreev,A-Rublevsky,S/President's Cup
1998}) 12... Qxf4 13. Nxc5 O-O 14. Rc1 (14. g3 Qh6 15. Rc1 Rfd8 16. Nxb7 Rdb8
17. Qa4 Ne5 18. Rxc7 N7g6 $2 $16 {0-1 Dreev,A-Svidler,P/RUS-ch m3-4 1997 (29)}
(18... Nf3+ 19. Kg2 Nh4+ $1 20. Kh1 (20. gxh4 Qf4 $1 21. Rfc1 Rxb7) 20... Nf3
$11)) 14... Rfb8 (14... Ne5 15. g3 Qh6 16. f4 a6 17. Be2 b6 18. Nb3 d3 19. Bh5
N5c6 20. Bf3 Rad8 21. Rc3 $14 {1-0 Granda Zuniga,J-Ibragimov,I/New York op
1997 (38)}) 15. g3 Qh6 16. f4 (16. Qa4 a6 17. Bxc6 Nxc6 18. Kg2 b5 19. Qc2 Ne5
20. Nb3 d3 21. Qxc7 Nc4 $17 {Stocek,J-Ashley,M/Budapest FS10 IM-A 1997/1-0 (70)
}) 16... a6 17. Bd3 a5 {[%cal Yc6b4]} 18. Qa4 (18. a3 b6 19. Na6 Rb7 (19... Rc8
20. Qa4 Ne5 21. Qxd4 Nxd3 22. Qxd3 Rd8 23. Qe2 c6 $15 {[%csl Ra6]}) 20. Qe2 $44
) 18... Nb4 (18... b5 19. Bxb5 Na7 20. Bd3 Rxb2 21. Rc2 Rxc2 22. Bxc2 $44) 19.
Bc4 b5 (19... c6 20. Qb3 (20. a3 b5 21. Bxf7+ Kxf7 22. Qb3+ Nbd5 23. Rfd1 a4
24. Qa2 Re8 25. Rxd4 Rad8 $13) 20... Qh5 21. a3 b5 22. axb4 (22. Bxf7+ Qxf7 23.
Qxf7+ Kxf7 24. axb4 axb4 25. Nd3 $132) 22... bxc4 23. Rxc4 axb4 24. Qd1 $1 $14
{[%csl Rc6,Rd4]}) 20. Bxb5 Nxa2 {[%cal Yc7c6,Yb8b2,Yb2h2,Yh6h2]} 21. Rc4 c6 22.
Qxa2 cxb5 (22... Rxb5 23. b3 Qh5 24. Qc2 $44) 23. Rxd4 Qb6 $15 24. Rc1 Rd8 $1 (
24... Rc8 25. Qa3 b4 26. Qe3 $11) 25. Rxd8+ Rxd8 26. b3 h6 (26... Nc6 27. Kg2
Nd4 $15) 27. Qf2 Rc8 (27... Nc6 $5 28. Ne6 $5 (28. e5 Nd4 $15) 28... Qxf2+ 29.
Kxf2 Nb4 $1 $15 30. Nxd8 (30. Nc5 Rd2+ $17) 30... Nd3+ 31. Ke3 Nxc1 $17) 28.
Kg2 Rc6 29. Qd4 Qc7 30. b4 $11 axb4 (30... a4 31. Rd1 $14) 31. Qxb4 {Trying to
win a slightly better position black are pressing too hard and even loses.} Nc8
$2 (31... Qb6 $11) 32. Qxb5 Nd6 33. Qb4 Rb6 (33... Nb7 34. Na6 (34. Nd3 Rxc1
35. Nxc1 Qc2+ 36. Kf3 Nc5 $44) 34... Qc8 35. Rxc6 Qxc6 36. Nb8 Qc2+ (36... Qc8
37. Na6 Qc6 $11) 37. Kf3 Nc5 $44) 34. Qa3 Qc6 $2 (34... Rc6 35. Qe3 Qa7 $132)
35. Qd3 Rb2+ 36. Kh3 Rb5 37. Qd4 h5 $4 (37... Nxe4 $1 38. Qxe4 Qc8+ 39. Kg2
Rxc5 $11) 38. Ne6 $18 Nxe4 39. Qd8+ Kh7 40. Ng5+ 1-0

[Event "Elgoibar 08th"]
[Site "Elgoibar"]
[Date "1998.11.23"]
[Round "3"]
[White "Mellado Trivino, Juan"]
[Black "Georgiev, Vladimir"]
[Result "0-1"]
[WhiteElo "2460"]
[BlackElo "2540"]
[Annotator "Huzman,A"]
[PlyCount "60"]
[EventDate "1998.11.11"]
[EventType "tourn"]
[EventRounds "9"]
[EventCountry "ESP"]
[EventCategory "10"]
[SourceTitle "CBM 069"]
[Source "ChessBase"]
[SourceDate "1999.04.01"]
[SourceVersion "1"]
[SourceVersionDate "1999.04.01"]
[SourceQuality "1"]

1. d4 d5 2. c4 dxc4 3. e4 e5 4. Nf3 exd4 5. Qxd4 Qxd4 6. Nxd4 Nf6 7. Nc3 Bc5 8.
Ndb5 Na6 9. Bf4 (9. Bxc4 c6 10. Na3 b5 11. Naxb5 cxb5 12. Bxb5+ Kf8 13. Bf4 Bb7
14. f3 Rd8 $17 {Hurme,H-Kekki,P/Espoo We ESK op 1996/1/2-1/2 (84)}) 9... O-O (
9... c6 10. Nd6+ Bxd6 11. Bxd6 Be6 12. b3 (12. e5 Nd7 13. b4 (13. b3 O-O-O 14.
bxc4 f6 15. f4 Rhe8 16. Kf2 g5 17. g3 fxe5 18. fxe5 Bf5 19. Re1 Re6 20. g4 Bg6
21. h4 Nac5 $15 {Borges Mateos,J-Yakovich,Y/Santa Clara 1990/1-0 (51)}) (13. f4
O-O-O 14. Be2 f6 15. O-O fxe5 16. fxe5 Rde8 17. Rf4 Nc7 18. Re1 b5 $132 {
0-1 Ker,A-Adianto,U/Genting zt 1995 (35)}) 13... f6 14. f4 fxe5 15. fxe5 O-O-O
16. b5 Nac5 17. bxc6 bxc6 18. O-O-O Nb7 19. Be2 Ndc5 20. Rd4 Nxd6 21. exd6 Rhf8
$15 {Epishin,V-Dorfman,J/Belgrade GMA 1988/0-1 (59)}) (12. O-O-O O-O-O 13. Be2
Ng4 (13... b5 14. f3 Ne8 15. Be7 Rxd1+ 16. Rxd1 Nec7 17. f4 Re8 18. Bd6 f5 19.
exf5 Bxf5 20. Bf3 Kb7 21. Be5 Nb4 $17 {0-1 Maki Uuro,M-Kekki,J/Helsinki-ch
1994 (52)}) 14. Bxg4 Bxg4 15. f3 Be6 16. Ne2 f6 17. h4 Rd7 18. Nf4 Bf7 19. e5
Re8 20. Rhe1 fxe5 21. Bxe5 Rde7 22. Bc3 Rxe1 23. Bxe1 Nc7 $15 {1/2-1/2
Gurevich,M-Adianto,U/Manila olm 1992 (30)}) (12. f4 O-O-O 13. O-O-O Ne8 14. Be7
Rxd1+ 15. Kxd1 f6 16. f5 Bf7 17. e5 Kd7 18. Ba3 fxe5 19. b3 b5 20. Bb2 cxb3 21.
Nxb5 Nc5 22. Na3 bxa2 $17 {Nikolaidis,I-Greenfeld,A/Moscow olm 1994/0-1 (49)})
12... O-O-O 13. e5 Ne8 14. Ba3 b5 $17 {0-1 Kiviaho,A-Kekki,P/FIN-chT 1987 (30)}
) 10. Bxc4 (10. Nxc7 Nxc7 11. Bxc7 Be6 12. f3 Rac8 13. Bg3 Rfd8 14. Rd1 Rxd1+
15. Kxd1 Rd8+ 16. Kc2 a6 17. Be2 b5 18. Rd1 $11 {1/2-1/2 Psakhis,L-Balashov,Y/
URS-ch51 1984 (22)}) 10... Be6 $146 (10... c6 11. Nd6 b5 12. Be2 Rd8 13. e5
Bxd6 14. exd6 Be6 15. O-O Nc5 16. Rac1 Rac8 17. Rfd1 h6 18. Bf3 Bf5 19. Ne2 Nd3
20. Nd4 Bg6 21. Rxd3 Bxd3 22. Nxc6 $16 {1/2-1/2 Borges Mateos,J-Zilberman,Y/
Capablanca mem Elite 1998 (37)}) 11. Bxe6 (11. Be2 $5 Bb6 (11... c6 12. Nd6 Nb4
13. Nxb7 $1 Nc2+ $140 (13... Bd4 $142 $44) 14. Kd2 Nxa1 15. Nxc5 $18) 12. O-O
$11) 11... fxe6 {[%cal Yc5f2,Yf8f2]} 12. Nxc7 (12. Bxc7 Ng4 13. Bd6 (13. f3 Ne3
14. Ke2 Nxg2 $15) 13... Rxf2 14. h3 Nb4 $1 15. O-O-O (15. Bxc5 Nd3+ 16. Kd1
Nxb2+ 17. Ke1 Nd3+ 18. Kd1 Nxc5 19. hxg4 Rd8+ 20. Ke1 Nd3+ 21. Kd1 Nb4+ 22. Ke1
Rdd2 $19) 15... Bxd6 16. Rxd6 Ne5 $17) (12. Bg3 Nh5 $15) 12... Ng4 (12... Nxc7
13. Bxc7 Ng4 (13... Bxf2+ 14. Kxf2 Nd5+ 15. Ke2 Nxc7 16. Rad1 $14) (13... Rac8
14. Bg3 Bb4 15. f3 Bxc3+ 16. bxc3 Rxc3 17. Kd2 $14) 14. f3 (14. f4 Rac8 15. Be5
Nxe5 16. fxe5 Rf2 $17) 14... Ne3 (14... Nf2 15. Bd6 $1 Nxh1 16. Bxc5 $16) 15.
Ke2 Nxg2 $15) 13. Nxe6 (13. Nxa8 Rxf4 $1 {[%csl Ra8]} (13... Nxf2 14. Rf1 (14.
Nc7 Nxc7 15. Bxc7 Nxh1 $11) 14... Nd3+ 15. Kd2 Nxf4 16. Kc2 $16) 14. f3 Ne3 15.
Ke2 (15. Na4 Bd4 $17 {[%cal Yf4f8,Yf8a8]}) 15... Rf8 16. b4 Bxb4 17. Nb5 Nxg2
18. Nac7 Nf4+ 19. Kf1 Nxc7 20. Nxc7 Rc8 $17) 13... Bxf2+ 14. Ke2 Rf6 15. h3 (
15. Kf3 Rxe6 16. Kxg4 Bd4 $44) 15... Rxe6 16. hxg4 Bd4 $15 {[%csl Re4,Rg2,Rg4]
/-/+} 17. Nd5 (17. Kf3 Rf8 18. g5 (18. Rh5 g6 19. Rd5 Be5 $17) 18... Nc5 19.
Rad1 Bxc3 20. bxc3 Rxe4 21. g3 Rc4 $17) 17... Rf8 $1 (17... Rxe4+ 18. Kf3 Rae8
19. Rhd1 $15) 18. Rhd1 (18. Rad1 Bxb2 19. Rd2 Be5 $17) 18... Rxe4+ (18... Bc5
19. g3 Rxe4+ 20. Kd3 Rfe8 $15) 19. Kf3 Nc5 {[%tqu "En","Can White save a
game?","","","g4g5","",10,"a1c1","",0]} 20. g5 $2 (20. Rac1 $1 Rexf4+ (20... g5
21. g3 $1 gxf4 22. gxf4 Rexf4+ (22... Rfe8 23. Rc4 $1 (23. Rxd4 Rxd4 24. Nf6+
Kf7 25. Nxe8 Ne6 26. Nc7 Rxf4+ 27. Kg3 $11) 23... Re3+ 24. Nxe3 Rxe3+ 25. Kg2
Ne6 (25... Re2+ 26. Kf1 Rf2+ 27. Ke1 Be3 28. Rc3 $18) 26. Rcxd4 Re2+ 27. Kf3
Nxd4+ 28. Rxd4 Rxb2 29. a4 $14) 23. Nxf4 Ne6 24. Rxd4 Nxd4+ 25. Ke3 Rxf4 26.
Rc8+ Rf8 27. Rxf8+ Kxf8 28. Kxd4 $11) 21. Nxf4 Ne6 22. g3 (22. Rxd4 Nxd4+ 23.
Ke3 Nc6 $15 (23... Rxf4 24. Rc8+ Rf8 25. Rxf8+ Kxf8 26. Kxd4 Kf7 27. Ke5 Kg6
28. Kd6 (28. Kf4 h6 $17) 28... Kg5 29. a4 (29. Kc7 b5 30. Kb7 Kxg4 31. Kxa7 Kg3
32. Kb6 Kxg2 33. Kxb5 g5 34. a4 g4 35. a5 g3 36. a6 Kh2 37. a7 g2 38. a8=Q g1=Q
$11) 29... Kxg4 30. Kc7 Kg3 31. Kxb7 Kxg2 32. Kxa7 h5 33. a5 h4 34. a6 h3 35.
Kb6 h2 36. a7 h1=Q 37. a8=Q+ Kg1 38. Qxh1+ Kxh1 39. Kc6 g5 $11)) 22... g5 23.
Re1 $1 Nd8 (23... Bxb2 24. Rb1 Nd4+ 25. Kg2 gxf4 26. Rxb2 $18) (23... Ng7 24.
Rc7 gxf4 25. gxf4 $11) 24. b3 gxf4 25. gxf4 Nc6 26. Re4 $11) 20... Bxb2 21.
Rab1 Be5 $17 22. g3 b6 23. Rb4 (23. Re1 $142 Rxe1 24. Rxe1 Bd6 (24... Bd4 25.
Ne7+ Kh8 26. Nc6 Bc3 27. Re7 $44) 25. Nf6+ (25. Kg4 Rd8) 25... gxf6 26. Bxd6
Rf7 $17) 23... Rxb4 24. Nxb4 Ne6 $19 {[%cal Ye6f4,Ye6g5,Yf8f4,Ye5f4]} 25. Nd5
Nxg5+ 26. Kg4 Bxf4 27. gxf4 Ne4 28. Re1 Re8 29. Re2 Kf7 30. Rc2 Nf6+ 0-1

[Event "NED-ch55"]
[Site "Rotterdam"]
[Date "2000.05.08"]
[Round "2"]
[White "Piket, Jeroen"]
[Black "Van den Doel, Erik"]
[Result "1-0"]
[WhiteElo "2633"]
[BlackElo "2522"]
[Annotator "Huzman,A"]
[PlyCount "81"]
[EventDate "2000.05.07"]
[EventType "tourn"]
[EventRounds "11"]
[EventCountry "NED"]
[EventCategory "12"]
[SourceTitle "CBM 077"]
[Source "ChessBase"]
[SourceDate "2000.07.27"]
[SourceVersion "1"]
[SourceVersionDate "2000.07.27"]
[SourceQuality "1"]

1. d4 d5 2. c4 dxc4 3. e4 Nf6 4. e5 Nd5 5. Bxc4 Nb6 6. Bb3 Nc6 7. Ne2 Bf5 8.
Nbc3 e6 9. a3 Qd7 10. Be3 O-O-O 11. Rc1 $146 Kb8 (11... Na5 $5 12. Ba2 (12. Bc2
$5 Bxc2 13. Qxc2) 12... Nac4 $132) (11... f6 $5) 12. O-O h5 (12... f6 $5 13.
Ng3 (13. exf6 gxf6 14. Ng3 (14. d5 exd5 (14... Nxd5 15. Nxd5 exd5 16. Ba4 $44)
15. Bxb6 axb6 16. Nxd5 Bh6 $15) (14. Nf4 $5) 14... Nxd4 (14... Bg6 {[%csl Rd4]}
) 15. Bxd4 Qxd4 16. Nxf5 exf5 17. Qc2 Qc5 $11) (13. Nf4 Nxd4 14. Bxd4 Qxd4 15.
Qxd4 Rxd4 16. Nxe6 Bxe6 17. Bxe6 fxe5 18. Nb5 Rd2 $17) 13... fxe5 14. Nxf5 exf5
(14... exd4 15. Nxd4 Nxd4 16. Qxd4 Qxd4 17. Bxd4 Rxd4 18. Bxe6 $11)) 13. Bc2
Bxc2 14. Qxc2 f6 (14... Ne7 15. Bg5 Re8 16. Ne4 Ned5 17. Nc5 $36) 15. Rfd1 Ne7
$6 (15... Qf7 16. Nf4 g5 17. Qg6 (17. Ng6 Rg8 18. Nxf8 Qxf8 (18... Rdxf8 19.
Ne4 fxe5 20. dxe5 Nd5 21. Bxg5 Nxe5 22. h4 $14) 19. Ne4 (19. exf6 Qxf6 20. Ne4
Qf5 $132) 19... fxe5 20. dxe5 Rxd1+ 21. Rxd1 Nxe5 22. Nxg5 $14) 17... Qxg6 (
17... Qd7 18. d5 $1 Nxe5 (18... exd5 19. Nfxd5 Nxe5 20. Qxf6 Bg7 21. Qxg5 $16)
19. Qxf6 gxf4 20. dxe6 Bg7 21. Qg5 $16) 18. Nxg6 Rg8 19. Nxf8 Rdxf8 20. exf6
Rxf6 21. d5 exd5 22. Nxd5 $14) 16. Nf4 $16 Ned5 (16... Nf5 17. Qb3 $1 Nxe3 (
17... Re8 18. d5 Nxe3 19. fxe3 fxe5 (19... Bc5 20. Ne4 $16) 20. Ng6 Rh6 21.
dxe6 Qc8 22. Nxf8 Rxf8 23. e7 Re8 24. Qf7 $16)) 17. Ncxd5 Nxd5 18. Nxd5 exd5
19. e6 $1 Qc8 (19... Qd6 20. Re1 Re8 21. Bd2 $16) 20. Bf4 (20. Re1 Bd6 21. Qf5
Rde8 (21... Rhe8 22. Bd2 Re7 23. Re2 Rde8 24. Rce1 $16) 22. Bd2 $16) 20... Bd6
21. e7 (21. Bxd6 Rxd6 22. e7 Re8 23. Re1 Rd7 24. Qc5 b6 25. Qb4 a5 $11) 21...
Bxf4 22. exd8=Q Rxd8 23. Rb1 Qg4 24. Re1 Bd6 25. Qd3 h4 26. Re3 a6 27. Rbe1 Ka7
(27... Qf4 28. g3 hxg3 29. hxg3 Qg4 30. Re8 $16) 28. Rf3 $1 Qd7 29. Qg6 $1 Rh8
30. h3 c6 (30... Rh6 31. Qe8 $18) 31. b4 Bb8 32. Kf1 Qc7 33. Rfe3 $1 $18 Qf4
34. Qxg7 Rd8 35. Qg4 (35. Re7 $1 $18) 35... Qh2 36. Re6 f5 37. Qg5 Rf8 38. Ke2
Qc7 39. Qxh4 Rg8 40. Qe7 Qf4 41. g3 1-0

[Event "Lost Boys"]
[Site "Amsterdam"]
[Date "1999.08.16"]
[Round "4"]
[White "Ljubojevic, Ljubomir"]
[Black "Nikolic, Predrag"]
[Result "1/2-1/2"]
[WhiteElo "2570"]
[BlackElo "2641"]
[Annotator "Huzman,A"]
[PlyCount "48"]
[EventDate "1999.08.13"]
[EventType "tourn"]
[EventRounds "7"]
[EventCountry "NED"]
[EventCategory "14"]
[SourceTitle "CBM 073"]
[Source "ChessBase"]
[SourceDate "1999.12.01"]
[SourceVersion "1"]
[SourceVersionDate "1999.12.01"]
[SourceQuality "1"]

1. d4 d5 2. c4 dxc4 3. e4 e5 4. Nf3 exd4 5. Bxc4 Bb4+ 6. Nbd2 Nc6 7. O-O Nf6 8.
e5 Nd5 9. Nb3 Nb6 10. Bb5 Qd5 11. Nfxd4 Bd7 (11... O-O 12. Nxc6 Qxb5 13. Nxb4
Qxb4 14. Be3 Re8 15. Qc2 Nd5 16. Bd4 b6 17. Qc6 Be6 18. f4 Ne7 19. Qc3 a5 $15 {
1/2-1/2 Volkov-Raetsky/ (72)}) 12. Nxc6 (12. a3 Nxd4 13. Bxd7+ Qxd7 14. Qxd4
Qxd4 15. Nxd4 Bc5 16. Nb3 Be7 17. Be3 O-O-O $11 {0-1 Schienmann,B-Giertz,N/
Zuerich 1993/EXT 97 (39)}) (12. Bxc6 bxc6 13. Qe2 c5 14. Nc2 O-O 15. Rd1 Bb5
16. Rxd5 Bxe2 17. Nxb4 cxb4 18. Rc5 Nd7 19. Rc2 Bg4 20. Bf4 Rfe8 21. h3 Bf5 22.
Rxc7 Nxe5 23. Rc5 f6 24. Bxe5 Rxe5 25. Rxe5 fxe5 26. Re1 Be6 $11 {1/2-1/2
Timman,J-Huebner,R/Rotterdam 1988/Inf 46/[Huebner,R] (51)}) 12... Qxb5 13. Nbd4
Qc5 14. Nxb4 Qxb4 15. e6 (15. a3 Qe7 16. Re1 O-O 17. Qf3 c5 18. Nf5 Bxf5 19.
Qxf5 Rfe8 20. Bg5 Qe6 21. Qe4 Qg6 22. Qh4 Re6 23. Rad1 h6 24. Be7 Qc2 25. Bd6 {
1/2-1/2 Ker,A-Dreyer,M/North Island 1990/EXT 97 (25)}) 15... Bxe6 (15... fxe6
16. Qh5+ g6 17. Qe5 O-O 18. Bh6 Rf7 19. Rac1 Qd6 20. Rfe1 Qxe5 21. Rxe5 Nd5 22.
Nxe6 Re8 23. Rxd5 Bxe6 24. Re1 Rd7 25. Rde5 Kf7 26. g4 Rdd8 27. Bg5 Rd5 28.
Rxd5 {1/2-1/2 Sorin,A-Ricardi,P/ARG-ch plof Roque Saenz Pena 1995 (28)}) 16.
Nxe6 fxe6 17. Qh5+ (17. Re1 O-O 18. Rxe6 Rae8 $11) 17... g6 ({would give White
serious initiative for the pawn.} 17... Kd7 $6 18. Rd1+ (18. Qe5 Rhg8 19. Rd1+
Nd5 20. Bf4 (20. Rxd5+ exd5 21. Qxd5+ Qd6 22. Qf7+ Qe7 $11) 20... c6 (20... Qd6
21. Qe4 Qf8 22. Rxd5+ exd5 23. Qxd5+ Kc8 24. Rc1 $18) 21. Rd4 Qe7 22. Rad1 Qf7
23. b4 $44) 18... Nd5 19. Be3 c6 20. Bd4 Qe7 21. b4 $44) 18. Qe5 O-O-O (18...
O-O $6 19. Qxe6+ (19. Qxc7 Qe4 20. Bh6 Rf7 21. Qg3 $36) 19... Rf7 20. Re1 $14)
19. Qxe6+ Kb8 20. b3 (20. Re1 $5 Qh4 (20... Rd6 21. Qe5 Rhd8 22. Bg5 Rd5 23.
Qg3 (23. Bxd8 Rxe5 24. Rxe5 Qxb2 $15) 23... Rd3 24. Qh4 $14) (20... Rd5 21. Be3
Rhd8 22. b3 $14) 21. h3 Rhf8 22. Be3 Rfe8 23. Qb3 $14) 20... Rhe8 21. Qh3 Qe7
$11 22. Be3 (22. Bb2 Rd2 23. Bc3 Re2 $36) 22... Nd5 23. Rae1 Nxe3 24. Rxe3 Qf7
1/2-1/2

[Event "Pamplona 9899 9th"]
[Site "Pamplona"]
[Date "1998.12.27"]
[Round "1"]
[White "Van Wely, Loek"]
[Black "Vallejo Pons, Francisco"]
[Result "0-1"]
[WhiteElo "2635"]
[BlackElo "2450"]
[Annotator "Huzman,A"]
[PlyCount "92"]
[EventDate "1998.12.27"]
[EventType "tourn"]
[EventRounds "9"]
[EventCountry "ESP"]
[EventCategory "13"]
[SourceTitle "CBM 069"]
[Source "ChessBase"]
[SourceDate "1999.04.01"]
[SourceVersion "1"]
[SourceVersionDate "1999.04.01"]
[SourceQuality "1"]

1. d4 d5 2. c4 dxc4 3. e4 e5 4. Nf3 exd4 5. Bxc4 Nc6 6. O-O Be6 7. Bxe6 fxe6 8.
Qb3 Qd7 9. Qxb7 Rb8 10. Qa6 Nf6 11. Nbd2 Bb4 12. Qd3 Bxd2 13. Bxd2 Rxb2 14.
Rac1 O-O 15. Rc5 Ne7 (15... Ng4 16. Bc1 (16. h3 $5 Qd6 $1 17. Rxc6 Qxc6 18.
Qxd4 Rxa2 19. hxg4 Ra4 20. Qd3 Qxe4 21. Qxe4 Rxe4 22. g5 Ra4 23. Rc1 Rc8 24.
Rc6 Ra1+ 25. Kh2 a5 26. Rxe6 a4 27. Re7 $16 {1-0 Bykhovsky,A-Lev,R/Herzliya
1998 (29)}) 16... Nb4 17. Qc4 (17. Qb5 $1 $14) 17... Rc2 18. Qxb4 Qd6 19. Qxd4
(19. Rb5 c5 20. e5 $1 Nxe5 21. Qa4 $5 Rc4 $1 22. Qxa7 $5 Rxf3 $1 $17 {0-1
Beliavsky,A-Sherbakov,R/Jugoslavija 1996 (26)}) 19... Qxc5 20. Qxc5 Rxc5 21.
Ba3 Ra5 22. Bxf8 Kxf8 23. Nd4 e5 24. Ne6+ Kf7 25. Nxc7 Rxa2 $15 {1/2-1/2 Amura,
C-Gonzalez Garcia,J/Mexico City m 1997 (40)}) 16. Rfc1 $1 (16. Rc4 Rxa2 17.
Rxd4 Qc8 18. Rc1 $44) 16... c6 17. R5c4 $1 (17. R5c2 Rxc2 18. Rxc2 Ng6 $1 19.
Qxd4 $140 Nh4 $1 $11) 17... e5 $1 (17... Rxa2 18. Rxd4 Qc8 19. Bb4 $16) 18.
Nxe5 {By this obvious move White misses a possibility to get an advantage and
initiative moves to Black.} ({Strong was} 18. Rb4 $1 Rxb4 (18... Rb8 19. Rxb8+
Rxb8 20. Qc4+ Kf8 21. Nxe5 Qe8 22. Bb4 $18) 19. Bxb4 Qc7 20. Ng5 $1 Qb7 21.
Qc4+ Kh8 22. Bd6 h6 23. Nf7+ Kh7 24. Nxe5 $16) 18... Qe6 19. Bf4 Nh5 $1 (19...
Ng4 20. Nxg4 (20. Qxd4 Rxf2 (20... Rxf4 21. Nxg4 Rxa2 22. f3 $14) 21. Bg3 (21.
Nxg4 R2xf4 (21... Rxa2 22. Ne3 Rxf4 23. Nf5 $1 $16 Nxf5 $140 (23... Rxf5 24.
exf5 Qe2 25. Qe4 Qf2+ 26. Kh1 Re2 27. R4c2 $1 $18) 24. Qd8+ $1 Kf7 25. Qc7+ $18
) 22. Ne5 Qf6 23. Nf3 $11) 21... Nxe5 (21... Re2 22. Nxg4 Qxg4 23. Qxa7 Ng6 $44
) 22. Bxf2 Nxc4 23. Qxc4 Qxc4 24. Rxc4 $14) 20... Rxf4 (20... Qxg4 21. Bg3 $16)
21. f3 $16) (19... Nd7 20. Nxd7 (20. Qxd4 Rxf2 $1 (20... Rxa2 21. Nxd7 Rxf4 22.
Rb4 $1 $16 {[%cal Gb4b8]}) 21. Bg3 (21. Nxd7 R8xf4 22. Rb4 $140 $2 Rxg2+ $19) (
21. Qxd7 Qxd7 22. Nxd7 R8xf4 23. g3 R4f3 24. Ne5 Rf8 25. Ra4 $1 $14 {+/-}) (21.
Qxf2 Nxe5 22. R4c3 g5 23. Rg3 Ng4 $132) 21... Nxe5 22. Bxf2 Nxc4 23. Qxc4 Qxc4
24. Rxc4 $14 {/+/-}) 20... Rxf4 21. Nc5 Qf6 22. R4c2 $1 $16) 20. Qxd4 Rb5 $1 {
[%cal Yb5e5]} 21. g3 $8 Nxf4 22. gxf4 Rxf4 $15 {[%csl Rg1]} 23. Rc5 (23. Nxc6
Rg5+ 24. Kf1 (24. Kh1 Qh3 25. Qd8+ (25. Nxe7+ Kf7 $19) 25... Rf8 26. Nxe7+ Kf7
27. Qd5+ Rxd5 28. Nxd5 $17) 24... Qh3+ 25. Ke1 Nxc6 26. Rxc6 h6 $44) 23... h6 (
23... Rxc5 24. Rxc5 Qxa2 25. Qc4+ Qxc4 26. Rxc4 $15) 24. a4 (24. Rxb5 cxb5 25.
Rc7 Ng6 26. Nxg6 (26. Nc6 Qg4+ 27. Kf1 Nh4 $40) (26. Nf3 Qg4+ 27. Kf1 Nf8 $15)
26... Qxg6+ 27. Kf1 $132) 24... Rxc5 25. Rxc5 Ng6 $36 {>>} 26. Kf1 $2 (26. Qe3
Rh4 27. Qg3 (27. Rxc6 Qxe5 28. Rxg6 Qxh2+ 29. Kf1 Qh1+ 30. Rg1 Qxe4 $19) 27...
Rxe4 28. Qxg6 Rxe5 $17) 26... Qh3+ 27. Ke2 Qg2 $1 $19 28. Ke3 Qxf2+ 29. Kd3
Qf1+ 30. Kc3 Qa1+ 31. Kc4 (31. Kd3 Nxe5+ 32. Rxe5 Rf3+ $19) 31... Qxa4+ 32. Kc3
Qa1+ 33. Kc4 Nxe5+ 34. Rxe5 Qa6+ 35. Kb4 Qb6+ 36. Kc4 Rf2 $1 37. Re8+ Kh7 38.
Qxb6 axb6 39. Rb8 Rxh2 40. Rxb6 Rc2+ 41. Kd4 h5 42. Ke5 h4 43. Kd6 g5 44. e5 h3
45. e6 h2 46. e7 Rd2+ 0-1

[Event "RUS-Cup final"]
[Site "Ekaterinburg"]
[Date "1999.??.??"]
[Round "3"]
[White "Volkov, Sergey"]
[Black "Kharlov, Andrei"]
[Result "1-0"]
[WhiteElo "2587"]
[BlackElo "2600"]
[Annotator "Huzman,A"]
[PlyCount "167"]
[EventDate "1999.08.28"]
[EventType "tourn"]
[EventRounds "11"]
[EventCountry "RUS"]
[EventCategory "11"]
[SourceTitle "CBM 075"]
[Source "ChessBase"]
[SourceDate "2000.04.05"]
[SourceVersion "1"]
[SourceVersionDate "2000.04.05"]
[SourceQuality "1"]

1. d4 d5 2. c4 dxc4 3. e4 Nf6 4. e5 Nd5 5. Bxc4 Nb6 6. Bd3 Nc6 7. Ne2 Bg4 8. f3
Be6 9. Nbc3 Bc4 10. Bxc4 (10. Be4 Qd7 11. b3 $6 Bxe2 12. Nxe2 O-O-O 13. Be3 Nd5
14. Bf2 f5 15. exf6 exf6 16. O-O f5 17. Bxd5 Qxd5 $15 {1/2-1/2 Golod,
V-Zilberman,Y/Tel Aviv 1999/CBM 71/[Golod,V] (85)}) 10... Nxc4 11. e6 $1 {
[%mdl 516] A very promising pawn sac. White are blocking normal development of
Black`s pieces and are getting good compensation for a pawn.} (11. O-O e6 12.
f4 Qd7 13. Qd3 Nb6 14. f5 O-O-O 15. Bg5 Be7 16. Bxe7 Qxe7 17. Qg3 g6 18. f6 Qb4
19. a3 Qc4 20. Rad1 Rd7 21. Qe3 Qb3 $17 {0-1 Chow,A-Shamkovich,L/Chicago 1990/
EXT 97 (34)}) 11... fxe6 12. Qb3 Nb6 13. Qxe6 $1 (13. Be3 Qd7 14. Nf4 Nd5 15.
Ncxd5 exd5 16. Qxb7 Rb8 17. Qa6 Rxb2 18. O-O e6 19. Rae1 Rb6 20. Qa4 Bb4 21.
Nxe6 Bxe1 22. Rxe1 Kf7 23. Ng5+ Kg8 24. Bf2 h6 25. Ne6 Ne5 $17 {0-1 Van der
Wiel,J-Van Wely,L/Brussels 1993/CBM 34 ext (55)}) 13... Nxd4 14. Qe4 Nxe2 (
14... Nc6 15. Bg5 (15. Nf4 Qd4 (15... e5 16. Ne6 Qe7 17. Nb5 Rc8) 16. Ne6 Qxe4+
17. Nxe4 Nd5 $15) (15. Be3 e5 16. Nd4 Nxd4 17. Qxe5+ Qe7 $11) (15. O-O e5)
15... Nc8 16. Rd1 Nd6 17. Qe3 $44) 15. Kxe2 c6 16. Rd1 $44 Qc8 17. Kf1 e6 (
17... g6 $5 18. Qd4 (18. Bg5 Qf5 19. Qh4 h6 20. Be3 Bg7 $132) (18. Qe5 Rg8 19.
Ne4 Nc4 20. Qf4 Qf5 21. Qc7 Qc8 $11) 18... Rg8 19. Qh4 h5 20. Bg5 $36) 18. Bg5
Be7 19. Qd4 $1 {[%mdl 64]} (19. Bxe7 Kxe7 20. Qe5 Kf8 21. Ne4 $36) 19... Bxg5 (
19... Bf8 20. Qg4 $1 Nd5 21. Nxd5 cxd5 (21... exd5 22. Qf4 $1 $18 {[%csl Re8]
[%cal Gd1e1]}) 22. Rac1 Qd7 23. Re1 Kf7 24. Rc7 $1 $18) 20. Qxg7 Rf8 21. Qxg5
$16 Qc7 22. Ne4 $6 (22. Re1 Qf7 23. Qg4 $16) 22... Nd5 23. Qh5+ Kd8 $1 (23...
Rf7 24. Ng5 $1 Ne3+ 25. Kg1 Nxd1 26. Rxd1 $18) 24. Ng5 Qe7 25. Re1 (25. Qh6 Rf6
26. Qxh7 Qxh7 27. Nxh7 Rg6 $1 $132 {[%csl Rh7]} (27... Rh6 28. Ng5 Ke7 29. Kg1
Rah8 30. Re1 Rxh2 (30... Nf4 31. g3 $16) 31. Rxe6+ Kd7 32. Rae1 $16)) 25... Rf5
26. h4 Nf4 (26... Nf6 27. Rad1+ Kc8 28. Rxe6 $1 $18) (26... e5 27. g4 $5 Rf6
28. Rxe5 $16) 27. Qg4 (27. Rad1+ Kc7 28. Qh6 Rf6 29. Qxh7 $16) 27... h5 (27...
Rf6 28. Rad1+ Kc7 29. Rd4 $1 $18) 28. Rad1+ Ke8 {[%tqu "En","How does White
obtain a desicive advantage?","","","g5e6","",10,"g4f5","",0]} 29. Nxe6 $1 (29.
Qxf5 exf5 30. Rxe7+ Kxe7 $11) 29... hxg4 30. Ng7+ Kf8 31. Rxe7 Rf6 (31... Rb5
32. Rdd7 Rd8 33. g3 $18) 32. Rxb7 $18 Nd5 33. Kf2 g3+ 34. Kg1 Rg6 35. Nf5 Re8
$1 36. Rxa7 Re2 37. b3 Rb2 38. Kh1 Re2 39. a3 Kg8 40. Kg1 Kh8 41. Kh1 Re5 42.
Ra8+ Kh7 43. Rf8 Nf6 44. Nxg3 $1 Kg7 45. Rxf6 Rxf6 46. Kh2 Rf4 47. Kh3 Kf8 48.
Rd3 Re1 49. Rc3 Ra1 50. b4 Ke7 51. h5 Kd7 52. Ne4 Rh1+ 53. Kg3 Rf8 54. Rc5 Ra8
55. Kf4 Rxa3 56. b5 cxb5 57. Rxb5 Ke7 58. Ng3 Rh2 59. Nf5+ Kf7 60. g4 Rh3 61.
Nd4 Kg8 62. Rb8+ Kh7 63. Rb7+ Kh8 64. Rb4 Kh7 65. Ke4 Rh1 66. Nc6 Kh6 67. Ne5
Re1+ 68. Kf5 Ra8 69. Rb6+ Kh7 70. Rb7+ Kg8 71. f4 Rc1 72. Kg6 Ra6+ 73. Kg5 Rc5
74. h6 Re6 75. Kh5 Rcxe5+ 76. fxe5 Rxe5+ 77. g5 Ra5 78. Rb6 Kh8 79. Kg6 Ra8 80.
Rb5 Kg8 81. Kh5 Kh8 82. g6 Rg8 83. Rc5 Ra8 84. h7 1-0